000 00638nam a2200229Ia 4500
005 20221020134806.0
008 131103s9999 xx 000 0 und d
020 _a70374511
040 _aLoreto College
041 _aEnglish
082 _a155.2
_bLEW
100 _aLewin, Kurt
245 2 _aA Dynamic theory of personality
_b selected papers
_cKurt Lewin; translated by Donald K. Adams and Karl E. Zener
260 _aNew York
_bMcGraw-Hill Book
_c1935
300 _aviii,286p
_b ill.
504 _aInclude index
630 _aPsychology
650 _aPersonality
651 _aIndividuality
850 _aLCLIB
942 _cBK
999 _c18706
_d69185